000
00325nam a22001457a 4500
003
OSt
005
20220126101718.0
008
220126b |||||||| |||| 00| 0 eng d
020
_a
8170082234
040
_c
H U
082
_a
621.31
100
_a
Rajput R. K.
_9
11664
245
_a
Electrical Machines
942
_2
ddc
_c
BOOKS
_n
0
999
_c
27894
_d
27894